| 000 | 00937nam a2200241 i 4500 | ||
|---|---|---|---|
| 001 | 36109 | ||
| 003 | ES-MaACL | ||
| 005 | 20250902023253.0 | ||
| 007 | t| | ||
| 008 | 030217s1962 sp ||||1| spa d | ||
| 100 | 1 |
_aBritt, Stewart Hendersorn. _931803 |
|
| 245 | 1 | 0 |
_aCómo se comportan los consumidores _b: psicología del gasto / _cpor Stewart Henderdsorn Britt ; supervisión por Pedro Prat Gaballí ; [traducción de R. García de Castro Andrieu]. |
| 260 |
_aBarcelona : _bHispano Europea, _c[1962] |
||
| 300 |
_aXVI, 361 p. ; _c24 cm. |
||
| 490 | 1 | _aColección Galileo | |
| 490 | 1 | _aBiblioteca de la Dirección de Empresas | |
| 700 | 1 |
_aPrat Gaballí, Pedro ( _d1885-1962) _993676 |
|
| 700 | 1 |
_aGarcía de Castro Andrieu, Rafael _954412 |
|
| 830 | 0 |
_aColección Galileo _9181173 |
|
| 830 | 0 | 0 |
_aBiblioteca de la dirección de empresas _9183582 |
| 852 |
_aES-MaACL _jC-22217 _bR.50447 |
||
| 999 |
_c36109 _d36109 |
||